| 000 | 00476nam a2200181 a 4500 | ||
|---|---|---|---|
| 001 | 4517 | ||
| 003 | CO-ViMGA | ||
| 008 | 141112s2004 ck r 000 u spa d | ||
| 040 |
_aCO-ViMGA _bspa _cCO-ViMGA |
||
| 082 | 0 | 4 | _a787.1 F615 |
| 100 | 1 |
_aFlommer, Ami _955324 |
|
| 245 | 1 | 0 |
_aEl Violin / _cFlommer Ami , Tordjman Guilles |
| 260 |
_aBarcelona : _bLabor, _c1991 |
||
| 300 | _a81 p : il | ||
| 650 | 1 | 4 |
_aTordjman, Guilles _955325 |
| 650 | 1 | 4 |
_aVIOLIN _955326 |
| 942 |
_2ddc _cBK |
||
| 999 |
_c16527 _d16527 |
||